Central Library OPAC University of Rajshahi

The romance and prophecies of Thomas of Erceldoune, printed from five manuscripts; (Record no. 85788)

MARC details
000 -LEADER
fixed length control field 00830cam a2200229u 4500
001 - CONTROL NUMBER
control field 85788
003 - CONTROL NUMBER IDENTIFIER
rucl marc code BD-RjUL
005 - DATE AND TIME OF LATEST TRANSACTION
control field 20251006121123.0
008 - FIXED-LENGTH DATA ELEMENTS--GENERAL INFORMATION
fixed length control field 830302s1875 enk 000 0beng
035 ## - SYSTEM CONTROL NUMBER
System control number (BD-RjUL)85788
040 ## - CATALOGING SOURCE
Original cataloging agency DLC
Transcribing agency CarP
Modifying agency DLC
Language of cataloging eng
041 ## - LANGUAGE CODE
Language code of text/sound track or separate title eng
082 ## - DEWEY DECIMAL CLASSIFICATION NUMBER
Edition number 21
Classification number 828.2 MUR
Author mark and year 1875
100 0# - MAIN ENTRY--PERSONAL NAME
Personal name Thomas,
Dates associated with a name 1220?-1297?
9 (RLIN) 17061
245 14 - TITLE STATEMENT
Title The romance and prophecies of Thomas of Erceldoune, printed from five manuscripts;
260 ## - PUBLICATION, DISTRIBUTION, ETC. (IMPRINT)
Place of publication, distribution, etc. London,
Name of publisher, distributor, etc. Pub. for the Early English text society, by N. Trübner,
Date of publication, distribution, etc. 1875.
300 ## - PHYSICAL DESCRIPTION
Pagination lxxxvi, 63 p.
Size 22 cm.
600 00 - SUBJECT ADDED ENTRY--PERSONAL NAME
Personal name Thomas,
Titles and other words associated with a name the Rhymer,
Dates associated with a name 1220?-1297?
General subdivision Romances.
700 1# - ADDED ENTRY--PERSONAL NAME
Personal name Murray, James Augustus Henry,
Dates associated with a name 1837-1915.
830 #0 - SERIES ADDED ENTRY--UNIFORM TITLE
Uniform title Early English text society. [Publications. Original series,
Volume number/sequential designation no. 61.
942 ## - ADDED ENTRY ELEMENTS (KOHA)
Source of classification or shelving scheme Dewey Decimal Classification
Koha item type Books
Holdings
Lost status Source of classification or shelving scheme Damaged status Not for loan Collection code Permanent Location Current Location Shelving location Date acquired Total Checkouts Full call number Date last seen Copy number Koha item type
  Dewey Decimal Classification   Not For Loan Non-fiction Central Library, University of Rajshahi Central Library, University of Rajshahi Reading Room 06/10/2025   828.2 MUR 1875 06/10/2025 C-1 Books